| 000 | 01112nam0a22003011 4500 | ||
|---|---|---|---|
| 001 | rc\2557642 | ||
| 005 | 20260405194924.0 | ||
| 035 | _a(NLR Aleph) 006722577 | ||
| 090 |
_a5459227 _c5459227 |
||
| 100 | _a20110914d1927 |||y0rusy50 ca | ||
| 101 | 1 |
_arus _cfre |
|
| 102 | _aRU | ||
| 105 | _ay z |||a| | ||
| 200 | 1 |
_aКонец Рассанфоссов _e[Роман] _fПер. с фр. Нат. Деген |
|
| 210 |
_aМосква _aЛенинград _cГос. изд-во _d1927 _eМосква _gтип. "Красный пролетарий" |
||
| 215 |
_a256 с. _d14х16 см. |
||
| 225 | 1 |
_aУниверсальная библиотека _v№ 327-330 |
|
| 300 | _aНа обороте тит. листа: "Camille Lemonnier. La fin des bourgeois" | ||
| 517 | 0 | _aКонец буржуа | |
| 700 | 1 |
_8rus _7ca _aЛемонье _bК. _f1844-1913 _gКамиль _3RU\NLR\AUTH\7786623 _969551 |
|
| 702 | 1 |
_aДеген _bНат. _4730 |
|
| 801 | 0 |
_aRU _bNLR _gpsbo |
|
| 801 | 1 |
_aRU _bELAR _2rusmarc |
|
| 852 |
_aNLR _j38.55.5.8/327-330 |
||
| 852 |
_aNLR _jЛ60 В-1/228 |
||
| 942 | _cBOOK | ||
| 980 | _aNB | ||